Site analysis : (Record no. 5947)

MARC details
000 -LEADER
fixed length control field 01246cam a2200349 i 4500
001 - CONTROL NUMBER
control field 17366921
005 - DATE AND TIME OF LATEST TRANSACTION
control field 20230221073329.0
008 - FIXED-LENGTH DATA ELEMENTS--GENERAL INFORMATION
fixed length control field 120629s2013 njua b 001 0 eng
010 ## - LIBRARY OF CONGRESS CONTROL NUMBER
LC control number 2012026248
020 ## - INTERNATIONAL STANDARD BOOK NUMBER
International Standard Book Number 9781118123676 pbk
040 ## - CATALOGING SOURCE
Original cataloging agency DLC
Language of cataloging eng
Transcribing agency DLC
Description conventions rda
Modifying agency DLC
042 ## - AUTHENTICATION CODE
Authentication code pcc
050 00 - LIBRARY OF CONGRESS CALL NUMBER
Classification number NA2540.5
Item number .L34 2013
082 00 - DEWEY DECIMAL CLASSIFICATION NUMBER
Classification number 720.28 L34 2013
Edition number 23
100 1# - MAIN ENTRY--PERSONAL NAME
Personal name LaGro, James A.
245 10 - TITLE STATEMENT
Title Site analysis :
Remainder of title informing context-sensitive and sustainable site planning and design /
Statement of responsibility, etc. James A. LaGro Jr.
250 ## - EDITION STATEMENT
Edition statement Third Edition.
264 #1 - PRODUCTION, PUBLICATION, DISTRIBUTION, MANUFACTURE, AND COPYRIGHT NOTICE
Place of production, publication, distribution, manufacture Hoboken, New Jersey :
Name of producer, publisher, distributor, manufacturer Wiley,
Date of production, publication, distribution, manufacture, or copyright notice [2013]
300 ## - PHYSICAL DESCRIPTION
Extent xiii, 365 pages :
Other physical details illustrations ;
Dimensions 24 cm
336 ## - CONTENT TYPE
Source rdacontent
Content type term text
336 ## - CONTENT TYPE
Source rdacontent
Content type term still image
337 ## - MEDIA TYPE
Source rdamedia
Media type term unmediated
338 ## - CARRIER TYPE
Source rdacarrier
Carrier type term volume
504 ## - BIBLIOGRAPHY, ETC. NOTE
Bibliography, etc. note Includes bibliographical references (pages 346-360) and index.
650 #0 - SUBJECT ADDED ENTRY--TOPICAL TERM
Topical term or geographic name entry element Building sites
General subdivision Planning.
650 #0 - SUBJECT ADDED ENTRY--TOPICAL TERM
Topical term or geographic name entry element Building sites
General subdivision Environmental aspects.
650 #0 - SUBJECT ADDED ENTRY--TOPICAL TERM
Topical term or geographic name entry element Land use
General subdivision Planning.
650 #0 - SUBJECT ADDED ENTRY--TOPICAL TERM
Topical term or geographic name entry element Land use
General subdivision Environmental aspects.
906 ## - LOCAL DATA ELEMENT F, LDF (RLIN)
a 7
b cbc
c orignew
d 1
e ecip
f 20
g y-gencatlg
942 ## - ADDED ENTRY ELEMENTS (KOHA)
Source of classification or shelving scheme Dewey Decimal Classification
Koha item type English Book
Suppress in OPAC No

No items available.